[Event "EU-ch Blitz"]
[Site "Skopje"]
[Date "2024.12.09"]
[Round "6"]
[White "Baskin, Robert"]
[Black "Minas, Ioannis"]
[Result "1-0"]
[WhiteElo "2442"]
[BlackElo "1987"]
[PlyCount "103"]
[EventDate "2024.12.09"]
[EventType "swiss (blitz)"]
[EventRounds "13"]
[EventCountry "MKD"]
[SourceTitle "CB50_2024"]
[SourceDate "2024.11.01"]
[SourceVersion "1"]
[SourceVersionDate "2024.11.01"]
[SourceQuality "2"]

1. c4 e5 2. g3 Nf6 3. Bg2 c6 4. Nf3 e4 5. Nd4 d5 6. cxd5 cxd5 7. 0-0 Bc5 8. Nb3 Bb6 9. d3 Nc6 10. Nc3 0-0 11. dxe4 d4 12. Nd5 Nxd5 13. exd5 Ne7 14. Nxd4 Nxd5 15. Qb3 Bxd4 16. Bxd5 Qf6 17. Bf4 Bxb2 18. Rab1 Be5 19. Bxe5 Qxe5 20. Bxb7 Bxb7 21. Qxb7 Qxe2 22. Rb2 Qe6 23. Rc1 h5 24. h4 Rab8 25. Qxb8 Rxb8 26. Rxb8+ Kh7 27. Rb2 Qf5 28. Rc4 Qf3 29. Rf4 Qd1+ 30. Kh2 f6 31. Rb7 Kg6 32. Rxa7 Qd5 33. a4 Qc5 34. Rd7 Qc6 35. Rdd4 Qa6 36. Rd5 Qe2 37. a5 Qa2 38. Rc5 Qa3 39. Rff5 Qa2 40. Kg2 Qe6 41. Rxh5 Qe4+ 42. Kg1 Qf3 43. Rhf5 Qd1+ 44. Kg2 Qd7 45. a6 Qa4 46. Ra5 Qe4+ 47. Kg1 Qe1+ 48. Kh2 Qe8 49. a7 Qa8 50. Rfb5 Kh6 51. Kg1 g6 52. Rb8 1-0

[Event "EU-ch Blitz"]
[Site "Skopje"]
[Date "2024.12.09"]
[Round "8"]
[White "Baskin, Robert"]
[Black "Todorovic, Goran N"]
[Result "1/2-1/2"]
[WhiteElo "2442"]
[BlackElo "2256"]
[PlyCount "120"]
[EventDate "2024.12.09"]
[EventType "swiss (blitz)"]
[EventRounds "13"]
[EventCountry "MKD"]
[SourceTitle "CB50_2024"]
[SourceDate "2024.11.01"]
[SourceVersion "1"]
[SourceVersionDate "2024.11.01"]
[SourceQuality "2"]

1. c4 e6 2. Nf3 d5 3. g3 Nf6 4. Bg2 dxc4 5. Qa4+ Nbd7 6. Qxc4 a6 7. Qc2 c5 8. Nc3 Rb8 9. 0-0 b6 10. d4 Bb7 11. e4 cxd4 12. Nxd4 Rc8 13. Qe2 Bc5 14. Rd1 0-0 15. e5 Bxg2 16. Kxg2 Ne8 17. Bf4 b5 18. Ne4 Bxd4 19. Rxd4 Qc7 20. Rc1 Qb7 21. Qf3 Rc7 22. Rxc7 Qxc7 23. Qh5 Qc6 24. f3 f6 25. exf6 Nexf6 26. Nxf6+ Nxf6 27. Qe5 Nd5 28. Bd2 Rf5 29. Qe4 h6 30. a4 Qd6 31. axb5 axb5 32. h4 Qc6 33. Qd3 Rf7 34. Re4 Nf6 35. Rf4 Rd7 36. Rd4 Rxd4 37. Qxd4 Qd5 38. Bc3 Qxd4 39. Bxd4 Nd5 40. h5 Kf7 41. Kf2 g6 42. hxg6+ Kxg6 43. Ke2 h5 44. Kd3 Kf5 45. Bg7 e5 46. Bf8 Nc7 47. Kc3 Nd5+ 48. Kd3 Nc7 49. b3 Nd5 50. Bd6 Ke6 51. Bb8 Kf5 52. Ba7 Nb4+ 53. Ke3 Nd5+ 54. Kd3 Nb4+ 55. Ke2 Nd5 56. Bc5 e4 57. Bd4 exf3+ 58. Kxf3 Nb4 59. Bc5 Nd3 60. Be3 Ke5 1/2-1/2

[Event "EU-ch Rapid"]
[Site "Skopje"]
[Date "2024.12.07"]
[Round "6"]
[White "Baskin, Robert"]
[Black "Garcia Perez, Javier"]
[Result "1-0"]
[WhiteElo "2442"]
[BlackElo "2081"]
[PlyCount "98"]
[EventDate "2024.12.07"]
[EventType "swiss (rapid)"]
[EventRounds "11"]
[EventCountry "MKD"]
[SourceTitle "CB50_2024"]
[SourceDate "2024.11.01"]
[SourceVersion "1"]
[SourceVersionDate "2024.11.01"]
[SourceQuality "2"]

1. e4 c5 2. Nf3 d6 3. d4 cxd4 4. Nxd4 Nf6 5. Nc3 a6 6. Rg1 e5 7. Nb3 h5 8. h3 h4 9. Be3 Be6 10. Qf3 Nbd7 11. 0-0-0 Rc8 12. Nd5 Bxd5 13. exd5 Qc7 14. c3 b5 15. Kb1 g6 16. g4 hxg3 17. fxg3 Bg7 18. g4 0-0 19. g5 e4 20. Qg2 Nh7 21. Nd2 Ne5 22. Nxe4 Rfe8 23. h4 b4 24. cxb4 Qe7 25. Bxa6 Nc4 26. Bc1 Rc7 27. Rge1 Qd7 28. a3 Ra8 29. Bxc4 Rxc4 30. Ka2 Rxb4 31. Rd3 Be5 32. Qc2 Qb7 33. Nc5 Qb5 34. Rb3 Rxb3 35. Nxb3 Qxd5 36. Qe4 Qxe4 37. Rxe4 f5 38. gxf6 Nxf6 39. Rb4 Kf7 40. a4 Nd5 41. Rb7+ Ke6 42. a5 Bf6 43. Bg5 Ne7 44. Nd4+ Ke5 45. Rxe7+ Bxe7 46. Nc6+ Ke6 47. Nxe7 Rxa5+ 48. Kb3 Rb5+ 49. Kc3 Rc5+ 1-0

[Event "Paphos op 2nd"]
[Site "Paphos"]
[Date "2024.04.28"]
[Round "4"]
[White "Baskin, Robert"]
[Black "Dziewonski, Dariusz"]
[Result "1-0"]
[WhiteElo "2466"]
[BlackElo "2289"]
[PlyCount "163"]
[EventDate "2024.04.26"]
[EventType "swiss"]
[EventRounds "9"]
[EventCountry "CYP"]
[SourceTitle "CBM 220 Extra"]
[Source "ChessBase"]
[SourceDate "2024.07.31"]
[SourceVersion "1"]
[SourceVersionDate "2024.07.31"]
[SourceQuality "1"]

1. e4 e5 2. Nf3 Nc6 3. Bb5 a6 4. Ba4 Nf6 5. 0-0 b5 6. Bb3 Bc5 7. Nc3 h6 8. Nd5 0-0 9. c3 d6 10. d4 Ba7 11. a4 Bd7 12. dxe5 Nxe4 13. Bc2 Nxf2 14. Rxf2 Bxf2+ 15. Kxf2 Nxe5 16. axb5 Ng4+ 17. Kg3 f5 18. h3 Nf6 19. Nxf6+ Qxf6 20. bxa6 Bc6 21. Bb3+ Kh8 22. Bd5 Bxd5 23. Qxd5 g5 24. Qd4 f4+ 25. Kf2 Qxd4+ 26. Nxd4 Rfb8 27. b4 c5 28. bxc5 dxc5 29. Ne6 c4 30. Ra5 Ra7 31. Ba3 Rba8 32. Nc5 Rd8 33. Rb5 Re7 34. Rb7 Rd2+ 35. Kf3 Re3+ 36. Kg4 Ra2 37. Bc1 Re5 38. a7 Rxg2+ 39. Kh5 Ra2 40. Kxh6 Re8 41. Rb8 Rg8 42. Rxg8+ Kxg8 43. Kxg5 f3 44. Be3 Rxa7 45. Kg4 Rf7 46. Ne4 Rf8 47. Bf4 Kf7 48. Ng5+ Kf6 49. Nxf3 Ra8 50. h4 Ra1 51. h5 Rh1 52. Be5+ Kf7 53. Ng5+ Kg8 54. Bd4 Rh2 55. Ne4 Kh7 56. Nf6+ Kh6 57. Kf5 Re2 58. Be5 Kg7 59. Ke6 Ra2 60. Kd5 Ra5+ 61. Kd4 Kh6 62. Bf4+ Kg7 63. Nd5 Ra4 64. Kc5 Kf7 65. Kb5 Ra1 66. Kxc4 Ke6 67. h6 Rh1 68. Kc5 Rh5 69. c4 Kd7 70. Kd4 Kc6 71. Nb4+ Kb6 72. Nd3 Rh4 73. c5+ Kb5 74. Kd5 Rh1 75. c6 Kb6 76. Ne5 Rh4 77. Nc4+ Ka7 78. Ke5 Rh5+ 79. Kf6 Rh4 80. Kf5 Ka6 81. c7 Ka7 82. c8R 1-0

[Event "BL2-Nord 2324"]
[Site "Germany"]
[Date "2024.03.17"]
[Round "10.1"]
[White "Baskin, Robert"]
[Black "Biastoch, Bennet"]
[Result "1-0"]
[WhiteElo "2451"]
[BlackElo "2274"]
[PlyCount "105"]
[EventDate "2023.10.21"]
[EventType "team-tourn"]
[EventRounds "10"]
[EventCountry "GER"]
[SourceTitle "EXT 2025"]
[Source "ChessBase"]
[SourceDate "2024.10.14"]
[SourceVersion "1"]
[SourceVersionDate "2024.10.14"]
[SourceQuality "1"]
[WhiteTeam "Zehlendorf"]
[BlackTeam "Magdeburg"]
[WhiteTeamCountry "GER"]
[BlackTeamCountry "GER"]

1. e4 c5 2. Nf3 d6 3. d4 cxd4 4. Nxd4 Nf6 5. Nc3 Nc6 6. Bg5 e6 7. Bb5 Bd7 8. Qd3 Nxd4 9. Bxd7+ Qxd7 10. Qxd4 Be7 11. 0-0-0 Qc6 12. Rhe1 Rc8 13. Kb1 b5 14. Qd3 a6 15. Bxf6 gxf6 16. Re3 Rg8 17. Rg3 Rxg3 18. hxg3 Qc5 19. f4 h6 20. Rh1 Bf8 21. Nd1 Bg7 22. Ne3 Qb4 23. f5 Qc5 24. a3 a5 25. fxe6 fxe6 26. g4 Qe5 27. c3 Rb8 28. Rh5 Qf4 29. Rxb5 Rxb5 30. Qxb5+ Kf7 31. Qd3 Bf8 32. a4 Be7 33. Ka2 Qg3 34. Qe2 Qf4 35. Qf3 Qe5 36. Nc4 Qc5 37. Kb3 d5 38. exd5 exd5 39. Ne3 Ke6 40. Qe2 Bd6 41. Nf5+ Kd7 42. Qb5+ Qxb5+ 43. axb5 Bc5 44. Ka4 Bb6 45. Nxh6 Ke6 46. Nf5 Bc7 47. Nd4+ Ke5 48. Nc6+ Kf4 49. Ne7 Ke4 50. Nc8 Kf4 51. b6 Be5 52. Ne7 d4 53. Ng6+ 1-0

[Event "Titled Tuesday intern op 28th Nov Early"]
[Site "Chess.com INT"]
[Date "2023.11.28"]
[Round "5"]
[White "Baskin, Robert"]
[Black "Andreikin, Dmitry"]
[Result "0-1"]
[WhiteElo "2472"]
[BlackElo "2729"]
[PlyCount "62"]
[EventDate "2023.11.28"]
[EventType "swiss (blitz)"]
[EventRounds "11"]
[EventCountry "USA"]
[SourceTitle "EXT 2025"]
[Source "ChessBase"]
[SourceDate "2024.10.14"]
[SourceVersion "1"]
[SourceVersionDate "2024.10.14"]
[SourceQuality "1"]

1. c4 e5 2. g3 g6 3. Nc3 Bg7 4. Bg2 Ne7 5. d3 0-0 6. h4 h5 7. Nf3 c6 8. Bg5 d6 9. Qc1 Bg4 10. Nh2 Be6 11. Bh6 d5 12. cxd5 cxd5 13. g4 hxg4 14. h5 Bxh6 15. Qxh6 Nf5 16. Qd2 g3 17. Ng4 gxf2+ 18. Kxf2 Qb6+ 19. Ke1 d4 20. Ne4 Ne3 21. Ngf6+ Kg7 22. hxg6 Nd7 23. Nh5+ Kxg6 24. Kf2 f5 25. Neg3 Nf6 26. Rag1 Nfg4+ 27. Ke1 Rac8 28. Bf3 Rc2 29. Bxg4 fxg4 30. Ne4 Rxd2 31. Nxd2 Qxb2 0-1

[Event "Titled Tuesday intern op 28th Nov Early"]
[Site "Chess.com INT"]
[Date "2023.11.28"]
[Round "7"]
[White "Baskin, Robert"]
[Black "Ljukin, Sergei"]
[Result "1-0"]
[WhiteElo "2472"]
[BlackElo "2362"]
[PlyCount "127"]
[EventDate "2023.11.28"]
[EventType "swiss (blitz)"]
[EventRounds "11"]
[EventCountry "USA"]
[SourceTitle "EXT 2025"]
[Source "ChessBase"]
[SourceDate "2024.10.14"]
[SourceVersion "1"]
[SourceVersionDate "2024.10.14"]
[SourceQuality "1"]

1. c4 c6 2. Nf3 d5 3. g3 Nf6 4. Bg2 Bf5 5. Qb3 Qb6 6. d3 Qxb3 7. axb3 e6 8. Be3 a6 9. Bd4 Nbd7 10. Bc3 Bd6 11. b4 0-0 12. Nbd2 e5 13. c5 Bc7 14. Nb3 d4 15. Bd2 Nd5 16. 0-0 h6 17. Na5 Rab8 18. Rfc1 Rfe8 19. Ne1 e4 20. dxe4 Bxe4 21. Bf3 Bxf3 22. exf3 Ne5 23. f4 Ng4 24. h3 Ngf6 25. Nd3 Ne4 26. Be1 g5 27. f5 h5 28. g4 hxg4 29. hxg4 Kg7 30. Nc4 Rh8 31. f3 Ng3 32. Bxg3 Bxg3 33. Kg2 Bc7 34. Rh1 Rxh1 35. Rxh1 Re8 36. Re1 Rxe1 37. Nxe1 Nxb4 38. Kf1 d3 39. Kf2 Bf4 40. Ng2 Bc1 41. Nd6 d2 42. Ne3 Nd3+ 43. Ke2 Nxb2 44. Nxb7 Na4 45. Nd1 Kf6 46. Nd8 Nxc5 47. Nxc6 a5 48. Nxa5 Ke5 49. Nc4+ Kd4 50. Nxd2 Bxd2 51. Kxd2 Nd3 52. Ne3 Ne5 53. Nc2+ Kc4 54. Ke3 Kc3 55. Nd4 f6 56. Ke4 Nc4 57. Nc6 Nd2+ 58. Kd5 Nxf3 59. Ke6 Nh2 60. Kxf6 Nxg4+ 61. Kxg5 Ne3 62. f6 Nd5 63. f7 Nc7 64. Nd8 1-0

[Event "Titled Tuesday intern op 28th Nov Early"]
[Site "Chess.com INT"]
[Date "2023.11.28"]
[Round "1"]
[White "Baskin, Robert"]
[Black "Porozhniak, Maya"]
[Result "1-0"]
[WhiteElo "2472"]
[BlackElo "1856"]
[PlyCount "79"]
[EventDate "2023.11.28"]
[EventType "swiss (blitz)"]
[EventRounds "11"]
[EventCountry "USA"]
[SourceTitle "EXT 2025"]
[Source "ChessBase"]
[SourceDate "2024.10.14"]
[SourceVersion "1"]
[SourceVersionDate "2024.10.14"]
[SourceQuality "1"]

1. c4 e5 2. g3 f5 3. Nc3 Nf6 4. Nf3 Bb4 5. Nxe5 Qe7 6. Nf3 Bxc3 7. bxc3 0-0 8. Bg2 Re8 9. d3 Nc6 10. a4 d6 11. Ra2 Be6 12. 0-0 h6 13. Nd4 Nxd4 14. cxd4 c6 15. Ba3 Rad8 16. Rb2 Qf7 17. Qb3 Rd7 18. Rc1 d5 19. Qc3 f4 20. Qd2 fxg3 21. hxg3 Ng4 22. Qf4 Qh5 23. f3 Nf6 24. Qh4 Qg6 25. c5 Rf7 26. Rcb1 Bc8 27. Rc2 Nh5 28. Kf2 Kh8 29. Bc1 Kh7 30. e3 Ref8 31. f4 Qxd3 32. Rbb2 Nf6 33. Rd2 Ne4+ 34. Bxe4+ Qxe4 35. Re2 g6 36. Qh2 h5 37. Qg2 Qxg2+ 38. Kxg2 Bg4 39. Red2 Re8 40. Rb3 1-0

[Event "Titled Tuesday intern op 28th Nov Early"]
[Site "Chess.com INT"]
[Date "2023.11.28"]
[Round "9"]
[White "Durucay, Uygar"]
[Black "Baskin, Robert"]
[Result "0-1"]
[WhiteElo "1968"]
[BlackElo "2472"]
[PlyCount "96"]
[EventDate "2023.11.28"]
[EventType "swiss (blitz)"]
[EventRounds "11"]
[EventCountry "USA"]
[SourceTitle "EXT 2025"]
[Source "ChessBase"]
[SourceDate "2024.10.14"]
[SourceVersion "1"]
[SourceVersionDate "2024.10.14"]
[SourceQuality "1"]

1. d4 f5 2. Bf4 Nf6 3. e3 g6 4. Be2 d6 5. Nf3 Bg7 6. c4 0-0 7. Nc3 Nh5 8. Bg3 Qe8 9. Qb3 Na6 10. c5+ Kh8 11. Bxa6 bxa6 12. 0-0 Bd7 13. Qa3 Nxg3 14. hxg3 Rb8 15. Rab1 Bc8 16. Rfc1 h6 17. Nd5 Qd8 18. Nh4 Kh7 19. Qa5 g5 20. Nf3 Rb7 21. c6 Rb5 22. Qxc7 Rxd5 23. Qxa7 Be6 24. a4 Ra5 25. Ra1 Qb8 26. Qxe7 Re8 27. c7 Qc8 28. Qxd6 Rd5 29. Qb6 Rd7 30. b4 Bd5 31. b5 Re6 32. Qb8 Re8 33. Qa7 axb5 34. axb5 Qb7 35. Qxb7 Bxb7 36. b6 Re6 37. c8Q Bxc8 38. Rxc8 Rxb6 39. Raa8 Rb1+ 40. Kh2 Rb2 41. Ne5 Bxe5 42. dxe5 Rxf2 43. Rh8+ Kg6 44. Rag8+ Kh5 45. e6 Rdd2 46. Re8 Rxg2+ 47. Kh1 Rge2 48. Rxh6+ Kg4 0-1

[Event "Titled Tuesday intern op 28th Nov Early"]
[Site "Chess.com INT"]
[Date "2023.11.28"]
[Round "10"]
[White "Dyachuk, Artem"]
[Black "Baskin, Robert"]
[Result "0-1"]
[WhiteElo "2233"]
[BlackElo "2472"]
[PlyCount "92"]
[EventDate "2023.11.28"]
[EventType "swiss (blitz)"]
[EventRounds "11"]
[EventCountry "USA"]
[SourceTitle "EXT 2025"]
[Source "ChessBase"]
[SourceDate "2024.10.14"]
[SourceVersion "1"]
[SourceVersionDate "2024.10.14"]
[SourceQuality "1"]

1. d4 d5 2. c4 c6 3. Nc3 Nf6 4. Nf3 dxc4 5. e3 b5 6. a4 b4 7. Na2 a5 8. Bxc4 e6 9. 0-0 Bb7 10. Qe2 Nbd7 11. b3 c5 12. dxc5 Bxc5 13. Bb2 0-0 14. Rfd1 Qe7 15. Nc1 Rfd8 16. Nd3 Bd6 17. Nd4 Rac8 18. Nb5 Bb8 19. Rac1 Ne4 20. Nf4 Ne5 21. Rxd8+ Rxd8 22. Nd4 Nxc4 23. Qxc4 Nd6 24. Nc6 Nxc4 25. Nxe7+ Kf8 26. bxc4 Kxe7 27. Bxg7 Bc6 28. Nh5 Rd2 29. Bf6+ Ke8 30. Bd4 Bxa4 31. Nf6+ Ke7 32. Nxh7 Rd1+ 33. Rxd1 Bxd1 34. f3 a4 35. c5 a3 36. c6 Ba4 37. Bc5+ Bd6 38. c7 Bd7 39. Bd4 b3 40. Nf6 b2 41. Ng8+ Kf8 42. Nf6 b1Q+ 43. Kf2 Qc2+ 44. Kf1 Bb5+ 45. Kg1 Qd1+ 46. Kf2 Qf1# 0-1